|
|
|
|
| LEADER |
01425nam a2200301 u 4500 |
| 001 |
10117235 |
| 003 |
upatras |
| 005 |
20210117205527.0 |
| 008 |
150825s2008 gr gre |
| 020 |
|
|
|a 9789608392557
|
| 040 |
|
|
|a ΠΑΝΕΠΙΣΤΗΜΙΟ ΠΑΤΡΑΣ
|c ΠΑΝΕΠΙΣΤΗΜΙΟ ΠΑΤΡΑΣ
|
| 041 |
1 |
|
|a gre
|h eng
|
| 082 |
0 |
4 |
|a 004.01
|
| 100 |
1 |
|
|a Floridi, Luciano
|d 1964-
|4 aut
|9 41852
|
| 245 |
1 |
0 |
|a Εισαγωγή στη φιλοσοφία της πληροφορικής
|c Luciano Floridi; μετάφραση: Χρήστος Γεμελιάρης, Γιώργος Καράμπελας
|
| 260 |
|
|
|a Αθήνα
|b Νήσος
|c 2008
|
| 300 |
|
|
|a 462 σ.
|c 21 εκ.
|
| 490 |
0 |
|
|a Παραδόσεις
|v 50
|
| 504 |
|
|
|a Περιλαμβάνει βιβλιογραφία και ευρετήριο
|
| 650 |
|
4 |
|a Πληροφορική
|x Φιλοσοφία
|9 145687
|
| 700 |
1 |
|
|a Γεμελιάρης, Χρήστος
|4 trl
|9 136118
|
| 700 |
1 |
|
|a Καράμπελας, Γιώργος,
|d 1956-
|4 trl
|9 104536
|
| 760 |
0 |
|
|a Παραδόσεις
|g 50
|
| 852 |
|
|
|a GR-PaULI
|b ΠΑΤΡΑ
|b ΦΙΛΟΣΟΦΙΑ
|k ΑΣΧΕ-4
|h 004.01 FLO
|m 10546
|p 025000170420
|t 1
|
| 942 |
|
|
|2 ddc
|c BK15
|
| 952 |
|
|
|0 0
|1 0
|4 0
|6 004_010000000000000_FLO
|7 0
|9 182760
|a PHIL
|b PHIL
|d 2016-04-24
|i 10546
|l 4
|m 3
|o 004.01 FLO
|p 025000170420
|r 2020-09-07 00:00:00
|s 2020-02-28
|t 1
|w 2016-04-24
|y BK15
|
| 998 |
|
|
|c ΚΑΝΕΛΛΟΠΟΥΛΟΥ
|d 2015-08
|
| 999 |
|
|
|c 112815
|d 112815
|